000 00897nas a2200301 4500
001 BR9702374
003 BR-BrBNA
005 20231205100208.0
007 ta
008 230509b bl.|||p| |||| 00| 00por d
040 _aBR-BrBNA
_bpor
_cBiblioteca Nacional de Agricultura
041 _a(Pt)
072 _aL50
100 1 _aLeme, P.R.
100 1 _aBoin, C.
100 1 _aAlleoni, G.F.
100 1 _aEichimatsui, E.
100 1 _aSchammass, E.A.
100 1 _aVieira, P. de F.
100 1 _aLanna, D.R.D.
245 1 _aEstimativa da composicao quimica corporal de novilhos nelore atraves do espaco de deuterio
650 _aGado Nelore
650 _aComposicao Quimica
650 _aPeso
773 0 _tRevista da Sociedade Brasileira de Zootecnia (Brazil)
_x
_g(May-Jun 1994), v. 23(3) p. 441-452
_wBR9702374
909 _a202311
_bLúcia
_c55
_dLúcia Elande
942 _2AGRIS
_n0
_cANA
999 _c154701
_d154701